000 01285nam a2200289 a 4500
001 000026475
005 20200930030238.0
008 110321s1993 mx a r 000 0 spa d
020 _a0226388565
040 _aDO-SdBNP
_bspa
_cBNPHU
041 1 7 _aspa
_heng
082 _axxx
_bL984t
100 1 _aLyengar, Shanto,
_953539
240 1 0 _aNews that matters. Television and American opinion.
_lEspañol.
245 1 0 _aLa televisión y la opinión pública :
_bla información es poder /
_cShanto Iyengar y Donald R. Kinder ; traducción del inglés Elsa Ruth Martínez Conde ; cuidado de la edición María Elsa López Paniagua.
260 _aMéxico, D. F. :
_bGernika,
_c1993.
300 _a275, [2] p. :
_bil. ;
_c22 cm.
490 1 _aPeriodismo
_v17
504 _aIncluye referencias bibliográficas y notas al pie de las páginas
500 _aIncluye apéndice B fuentes de los datos, especificación de los modelos y procedimientos para las estimaciones (p. 217-245)
534 _aTítulo del original en inglés:
_tNews that matters. Television and American opinion.
700 1 _aKinder, Donald R.
_953540
700 1 _aLópez Paniagua, María Elsa
_eed.
_944716
700 1 _aMartínez Conde, Elsa Ruth
_etr.
_953541
830 0 _aPeriodismo ;
_v17
_949873
049 _aBNGR
999 _c25967
_d25967